Escribe el antónimo de estas palabras #2 - Estadísticas

Estadísticas generales
  • Esta prueba ha sido intentada 4.576 veces
    4.534 desde el último reinicio
  • La puntuación promedio es 20 de 21
Estadísticas de respuestas
Palabra Antónimo % Correcto
Difícil Fácil
100%
Grande Pequeño
100%
Norte Sur
100%
Abierto Cerrado
99%
Noche Día
99%
Amigo Enemigo
99%
Subir Bajar
98%
Futuro Pasado
98%
Ganador Perdedor
98%
Mucho Poco
98%
Sumar Restar
96%
Antónimo Sinónimo
96%
Valiente Cobarde
94%
Culpable Inocente
94%
Interesado Desinteresado
93%
Peinar Despeinar
92%
Afirmar Negar
92%
Optimista Pesimista
92%
Transparente Opaco
84%
Pagar Cobrar
78%
Ágil Torpe
77%
No se encontraron pruebas coincidentes
Distribución de puntuación
Porcentaje de gente con cada puntuación
Porcentaje por número respondido
Historial de tus puntuaciones
No has intentado esta prueba desde el último reinicio